000 00383nam a22001697a 4500
005 20160916113136.0
008 160916b xxu||||| |||| 00| 0 eng d
020 _a978-81-318-0293-9
041 _aeng
100 _aCHOUHAN,B.S
_93576
245 _aENGINEERING CHEMISTRY
250 _a2nd
260 _bLAXHMI
_c2008
300 _a642
650 _aENGINEERING
_93577
942 _cBK
999 _c5255
_d5253